000 00398nam a22001697a 4500
003 SGT
020 _a9789354651427
082 _a615.8
_bS24D
100 _aDAY, SWAPAN KUMAR
245 _aA TB. OF SPORTS & EXERCIES PHYSIOLOGY
250 _a2ND
260 _aINDIA
_bJAYPEE PUB
_c2024
300 _a570
650 _aPHYSIOTHERAPY
653 _aSPORTS & EXERCIES PHYSIOLOGY
942 _2ddc
_cBK
999 _c31027
_d31027